000 01009 a2200217 4500
003 Nust
005 20221124121936.0
010 _a 2002043781
020 _a0321133048
040 _cNust
082 0 0 _a519.4,GER
100 1 _aGerald, Curtis F.,
_9104
245 1 0 _aApplied numerical analysis /
_cCurtis F. Gerald, Patrick O. Wheatley.
250 _a7th ed.
260 _aBoston :
_bPearson/Addison-Wesley,
_cc2004.
300 _ax, 609 p. :
_bill. ;
_c25 cm.
505 _a Preliminaries. (Page- 1), Solving Nonlinear Equations. (Page-32), Solving Sets of Equations. (Page-76), Interpolation and Curve Fitting (Page-147), Approximation of Functions (Page-220), Numerical Differentiation and Integration (Page-256), Numerical Solution of Ordinary Differential Equations (Page-329), Optimization. (Page-405), Partial Differential Equations (Page-461), Finite Element Analysis (Page-517).
650 0 _aNumerical analysis.
_9103
700 1 _aWheatley, Patrick O.
_9103479
942 _2ddc
_cBK
_k519.4,GER
999 _c218161
_d218161